| 000 | 00667nam a2200229Ia 4500 | ||
|---|---|---|---|
| 001 | 1872 | ||
| 003 | GE_BSU | ||
| 008 | 181216s||||||||xx |||||||||||||| ||und|| | ||
| 020 | _a5365001591 | ||
| 040 | _cGE_BSU | ||
| 080 | _a341(04)(075.8) | ||
| 100 | _aБирюков,М.М. | ||
| 245 | _aЕвропейское право. | ||
| 245 | _bУчебное пособие 2-е изд. доп Учебное пособие для студ .вузов 2-ое изд. доп | ||
| 260 | _aМосква | ||
| 260 | _bОмега-А | ||
| 260 | _c2006 | ||
| 300 | _a128 с. 19 см. | ||
| 541 | _h5 л. | ||
| 653 | _aЕвропейское право. | ||
| 942 | _cBK | ||
| 999 |
_c35973 _d35973 |
||